Bose-Einstein correlations of charged hadrons in proton-proton collisions at √s = 13 TeV; Journal of High Energy Physics; Vol. 2020, iss. 3
| Parent link: | Journal of High Energy Physics Vol. 2020, iss. 3.— 2020.— [14, 51 p.] |
|---|---|
| Institution som forfatter: | |
| Andre forfattere: | , , , , , |
| Summary: | Title screen Bose-Einstein correlations of charged hadrons are measured over a broad multiplicity range, from a few particles up to about 250 reconstructed charged hadrons in proton-proton collisions at √s = 13 TeV. The results are based on data collected using the CMS detector at the LHC during runs with a special low-pileup configuration. Three analysis techniques with different degrees of dependence on simulations are used to remove the non-Bose-Einstein background from the correlation functions. All three methods give consistent results. The measured lengths of homogeneity are studied as functions of particle multiplicity as well as average pair transverse momentum and mass. The results are compared with data from both CMS and ATLAS at √s = 7 TeV, as well as with theoretical predictions. |
| Sprog: | engelsk |
| Udgivet: |
2020
|
| Fag: | |
| Online adgang: | https://doi.org/10.1007/JHEP03(2020)014 |
| Format: | MixedMaterials Electronisk Book Chapter |
| KOHA link: | https://koha.lib.tpu.ru/cgi-bin/koha/opac-detail.pl?biblionumber=666179 |
MARC
| LEADER | 00000naa0a2200000 4500 | ||
|---|---|---|---|
| 001 | 666179 | ||
| 005 | 20250523150313.0 | ||
| 035 | |a (RuTPU)RU\TPU\network\37383 | ||
| 090 | |a 666179 | ||
| 100 | |a 20211209d2020 k||y0rusy50 ba | ||
| 101 | 0 | |a eng | |
| 135 | |a drcn ---uucaa | ||
| 181 | 0 | |a i | |
| 182 | 0 | |a b | |
| 200 | 1 | |a Bose-Einstein correlations of charged hadrons in proton-proton collisions at √s = 13 TeV |f A. M. Sirunyan, A. R. Tumasyan, W. Adam [et al.] | |
| 203 | |a Text |c electronic | ||
| 300 | |a Title screen | ||
| 320 | |a [References: 70 tit.] | ||
| 330 | |a Bose-Einstein correlations of charged hadrons are measured over a broad multiplicity range, from a few particles up to about 250 reconstructed charged hadrons in proton-proton collisions at √s = 13 TeV. The results are based on data collected using the CMS detector at the LHC during runs with a special low-pileup configuration. Three analysis techniques with different degrees of dependence on simulations are used to remove the non-Bose-Einstein background from the correlation functions. All three methods give consistent results. The measured lengths of homogeneity are studied as functions of particle multiplicity as well as average pair transverse momentum and mass. The results are compared with data from both CMS and ATLAS at √s = 7 TeV, as well as with theoretical predictions. | ||
| 461 | |t Journal of High Energy Physics | ||
| 463 | |t Vol. 2020, iss. 3 |v [14, 51 p.] |d 2020 | ||
| 610 | 1 | |a электронный ресурс | |
| 610 | 1 | |a труды учёных ТПУ | |
| 610 | 1 | |a Hadron-Hadron scattering (experiments) | |
| 701 | 1 | |a Sirunyan |b A. M. | |
| 701 | 1 | |a Tumasyan |b A. R. | |
| 701 | 1 | |a Adam |b W. |g Wolfgang | |
| 701 | 1 | |a Ambrogi |b F. |g Federico | |
| 701 | 1 | |a Tyurin |b N. E. |g Nikolay Evgenjevich | |
| 701 | 1 | |a Babaev |b A. A. |c physicist |c engineer-issledovatelskogo Polytechnic University, candidate of physical and mathematical Sciences |f 1981- |g Anton Anatoljevich |3 (RuTPU)RU\TPU\pers\35154 |9 18420 | |
| 712 | 0 | 2 | |a Национальный исследовательский Томский политехнический университет |b Исследовательская школа физики высокоэнергетических процессов |c (2017- ) |3 (RuTPU)RU\TPU\col\23551 |
| 801 | 2 | |a RU |b 63413507 |c 20211209 |g RCR | |
| 850 | |a 63413507 | ||
| 856 | 4 | |u https://doi.org/10.1007/JHEP03(2020)014 | |
| 942 | |c CF | ||